Análisis modal de sección atirantada del puente sobre el Río Tempisque"

Salvato in:
Dettagli Bibliografici
Autore principale: Vargas Morales, Gabriel
Natura: Libro
Pubblicazione: [San José, Costa Rica] 2004
Soggetti:
Tags: Aggiungi Tag
Nessun Tag, puoi essere il primo ad aggiungerne!!

MARC

LEADER 00000nam a2200000Ia 4500
003 009268
005 20221231144141.0
008 140114s2004 cr a 000 ||s d
040 |c cru CEDI 
090 |a TFG 4808 
100 |a Vargas Morales, Gabriel  |9 6656 
245 |a Análisis modal de sección atirantada del puente sobre el Río Tempisque" 
260 |c 2004  |a  [San José, Costa Rica] 
300 |a 68, [32] hojas : ilustraciones  
500 |a  Proyecto de graduación (licenciatura en ingeniería civil)--Universidad de Costa Rica. Escuela de Ingeniería Civil 
650 |x PUENTES   |x  RIO TEMPISQUE (COSTA RICA)   |x VIBRACION (INGENIERIA)   |x MEDICIONES   |x ACELEROGRAFOS   |x DINAMICA DE ESTRUCTURAS  |9 6657 
942 |c TFG 
999 |c 17625  |d 17625